Business Environment (Record no. 16327)

MARC details
000 -LEADER
fixed length control field 00555nam a22002177a 4500
008 - FIXED-LENGTH DATA ELEMENTS--GENERAL INFORMATION
fixed length control field 260408b |||||||| |||| 00| 0 eng d
020 ## - INTERNATIONAL STANDARD BOOK NUMBER
International Standard Book Number 978-93-6440-079-4
Price 275
040 ## - CATALOGING SOURCE
Original Cataloguing agency Sibsagar Commerce College Central Library
041 ## - LANGUAGE CODE
Language code of text/sound track or separate title English
082 ## - DEWEY DECIMAL CLASSIFICATION NUMBER
Classification number 338.7
Book Number MAH
100 ## - MAIN ENTRY--PERSONAL NAME
Personal name Mahajan, P.
Fuller form of name Priya
245 ## - TITLE STATEMENT
Title Business Environment
250 ## - EDITION STATEMENT
Edition statement Reprinted Ed.
260 ## - PUBLICATION, DISTRIBUTION, ETC.
Place of publication, distribution, etc. Ludhiana
Name of publisher, distributor, etc. Kalyani Publishers
Date of publication, distribution, etc. 2026.
300 ## - PHYSICAL DESCRIPTION
Pages xii, 296p. ;
Dimensions 20x30 cm
500 ## - GENERAL NOTE
General note NEP<br/>4th Semester
505 ## - FORMATED CONTENTS NOTE
Formated content notes NEP<br/>4th Semester
650 ## - Subject
Subject Economics
942 ## - ADDED ENTRY ELEMENTS (KOHA)
Source of classification or shelving scheme Dewey Decimal Classification
Koha item type Books
Holdings
Withdrawn status Lost status Source of classification or shelving scheme Damaged status Not for loan Collection code Home library Current library Shelving location Date acquired Source of acquisition Total Checkouts Full call number Barcode Date last seen Copy number Cost, replacement price Price effective from Koha item type
    Dewey Decimal Classification     Economics Sibsagar Commerce College Central Library Sibsagar Commerce College Central Library General Stacks 08/04/2026 Kitap Ghar   338.7 MAH 29115 08/04/2026 5 550.00 08/04/2026 Books
    Dewey Decimal Classification     Economics Sibsagar Commerce College Central Library Sibsagar Commerce College Central Library General Stacks 08/04/2026 Kitap Ghar   338.7 MAH 29116 08/04/2026 6 550.00 08/04/2026 Books
    Dewey Decimal Classification     Economics Sibsagar Commerce College Central Library Sibsagar Commerce College Central Library General Stacks 08/04/2026 Kitap Ghar   338.7 MAH 29117 08/04/2026 7 550.00 08/04/2026 Books
    Dewey Decimal Classification     Economics Sibsagar Commerce College Central Library Sibsagar Commerce College Central Library General Stacks 08/04/2026 Kitap Ghar   338.7 MAH 29171 08/04/2026 9 550.00 08/04/2026 Books


Sibsagar Commerce College © 2020. All rights reserved.
Powered by Koha.
Hosted by LIBKART.